Mercados del azúcar e intervención estatal en el Caribe y México (Record no. 136128)
[ view plain ]
| 000 -LEADER | |
|---|---|
| fixed length control field | 01251nam a22002897a 4500 |
| 005 - DATE AND TIME OF LATEST TRANSACTION | |
| control field | 20250113150030.0 |
| 008 - FIXED-LENGTH DATA ELEMENTS--GENERAL INFORMATION | |
| fixed length control field | 211206t mx bd gr|||| 00| 0 spa|d |
| 020 ## - INTERNATIONAL STANDARD BOOK NUMBER | |
| International Standard Book Number | 9786078332731 (UAEM) |
| 020 ## - INTERNATIONAL STANDARD BOOK NUMBER | |
| International Standard Book Number | 9786074018776 (MAP) |
| 050 04 - LIBRARY OF CONGRESS CALL NUMBER | |
| Classification number | HD9114.M6 |
| Item number | M47 2014 |
| 245 10 - TITLE STATEMENT | |
| Title | Mercados del azúcar e intervención estatal en el Caribe y México |
| Remainder of title | : una comparación internacional en el siglo XX |
| Statement of responsibility, etc | / Luis Anaya Merchant, Oscar Zanetti, coordinadores. |
| 246 0# - VARYING FORM OF TITLE | |
| Title proper/short title | Mercados del azúcar e intervención estatal en el Caribe y México |
| Remainder of title | : una comparación internacional en el siglo veinte |
| 250 ## - EDITION STATEMENT | |
| Edition statement | 1a ed. |
| 260 ## - PUBLICATION, DISTRIBUTION, ETC. (IMPRINT) | |
| Place of publication, distribution, etc | México : |
| Name of publisher, distributor, etc | Miguel Ángel Porrúa; |
| -- | Universidad Autónoma del Estado de Morelos, |
| Date of publication, distribution, etc | 2014 |
| 300 ## - PHYSICAL DESCRIPTION | |
| Extent | 187 p. : |
| Other physical details | il. ; |
| Dimensions | 23 cm. |
| 490 0# - SERIES STATEMENT | |
| Series statement | Las Ciencias Sociales. |
| 490 0# - SERIES STATEMENT | |
| Series statement | Tercera Década |
| 504 ## - BIBLIOGRAPHY, ETC. NOTE | |
| Bibliography, etc | Incluye bibliografía |
| 650 #7 - SUBJECT ADDED ENTRY--TOPICAL TERM | |
| Source of heading or term | lemb |
| Topical term or geographic name as entry element | Azúcar |
| General subdivision | Comercio |
| Geographic subdivision | México |
| 650 #7 - SUBJECT ADDED ENTRY--TOPICAL TERM | |
| Source of heading or term | lemb |
| Topical term or geographic name as entry element | Azúcar |
| General subdivision | Industria |
| Geographic subdivision | México |
| 650 #7 - SUBJECT ADDED ENTRY--TOPICAL TERM | |
| Source of heading or term | lemb |
| Topical term or geographic name as entry element | Azúcar |
| General subdivision | Comercio |
| Geographic subdivision | Caribe (Región) |
| 650 #7 - SUBJECT ADDED ENTRY--TOPICAL TERM | |
| Source of heading or term | lemb |
| Topical term or geographic name as entry element | Azúcar |
| General subdivision | Industria |
| Geographic subdivision | Caribe (Región) |
| 700 1# - ADDED ENTRY--PERSONAL NAME | |
| Personal name | Anaya Merchant, Luis |
| Relator term | coordinador |
| 700 1# - ADDED ENTRY--PERSONAL NAME | |
| Personal name | Zanetti, Oscar |
| Relator term | coordinador |
| 710 1# - ADDED ENTRY--CORPORATE NAME | |
| Relator code | Universidad Autónoma del Estado de Morelos |
| 942 ## - ADDED ENTRY ELEMENTS (KOHA) | |
| Source of classification or shelving scheme | Biblioteca del Cogreso de los Estados Unidos |
| Koha item type | Libro |
| Estado de pérdida | Fuente de clasificación | Estado del daño | No para préstamo | Ubicación permanente | Ubicación actual | Apartado o colección | Fecha de adquisición | Fuente de adquisición | Edición | Dependencia de educación superior (DES) | Área del conocimiento | Clasificación | Código de Barras | Date last seen | Número de copia | Costo por reposición | Tipo de recurso |
|---|---|---|---|---|---|---|---|---|---|---|---|---|---|---|---|---|---|
| Biblioteca del Cogreso de los Estados Unidos | Uso interno Biblioteca | Biblioteca de la Facultad de Economía | Biblioteca de la Facultad de Economía | General | 13/01/2025 | Donación | 1a ed. | Ciencias Económico Administrativas | Ciencias Sociales y Administrativas | HD9114.M6 M47 2014 | BFE000012293 | 17/08/2017 | 1 | 1.00 | Libro | ||
| Biblioteca del Cogreso de los Estados Unidos | Biblioteca de la Unidad de Ciencias Ingeniería y Humanidades | Biblioteca de la Unidad de Ciencias Ingeniería y Humanidades | Colección "Miguel Ángel Porrúa" | 30/08/2017 | Donación | 1a | Ciencias Sociales y Administrativas | HD9114.M6 M47 2014 | BCU000000431 | 30/08/2017 | 1 | Libro |